| 000 | 01742cam a22002535a 4500 | ||
|---|---|---|---|
| 001 | L159163 | ||
| 002 | 20130 | ||
| 008 | 070413s2014 xxk f 000 0 eng d | ||
| 020 | _a9781118819753 | ||
| 035 | _a(Sirsi) u159163 | ||
| 041 | 0 | _aeng | |
| 050 | 0 | 4 |
_a692.8 $2 18 _a343.4107869 $2 22 |
| 100 | 1 | _aChappell, David | |
| 245 | 0 | 4 |
_aThe JCT standard building contract 2011 _bAn explanation and guide for busy practitioners and students |
| 260 |
_aLondon _bJohn Wiley & Sons _c2014 |
||
| 300 | _a350 p. | ||
| 505 | 2 | _aPart I: Preliminaries -- Introduction -- Basic matters -- About the contract documents -- Related matters -- Part II: Participants -- The architect's powers and duties -- The contractor's powers and duties -- The employer's powers and duties -- Consultants -- The clerk of works -- Sub-contractors and suppliers -- Statutory authorities -- Part III: Work in progress -- Insurance -- Possession of the site -- Extension of time -- Liquidated damages -- Financial claims -- Architect's instructions -- Variations -- Payments -- Contractor's design -- Part IV: Closing stages -- Practical completion -- Defects liability -- Termination -- Part V: Intractable problems -- Dispute resolution procedures | |
| 520 | _aSets out what the standard building contract requires in various circumstances without assuming any particular legal or contractual expertise. It explains what is meant by a contract and why certain clauses, such as extension of time or liquidated damages are present and what they mean. Most chapters include a section dealing with common problems. | ||
| 590 | _aKA | ||
| 650 | 2 | 4 | _aJCT STANDARD BUILDING CONTRACT (2011 EDITION) |
| 651 | 4 |
_aUnited Kingdom _y |
|
| 690 |
_aContracts _96232 |
||
| 942 | _n0 | ||
| 999 |
_c115713 _d115713 |
||